000 00446pab a2200169 454500
008 180718b2004 xxu||||| |||| 00| 0 eng d
100 _aSingh, Jitendra Kumar
245 _aCommunity based intervention in a village: an experimental report
260 _c2004
300 _ap.278-81.
362 _aOct
650 _aRural areas
650 _aPoverty
650 _aCommunity participation
773 _aPsychological Studies
909 _a64270
999 _c64270
_d64270